000 00229nam a2200097Ia 4500
008 200302s9999 xx 000 0 und d
100 _aSanjay Mohe
245 _aConnecting the dots
260 _bBorder Books Published
300 _a203
999 _c7272
_d7272